शारीरिक शिक्षा संगठन-प्रशासन : (Record no. 19235)

MARC details
000 -LEADER
fixed length control field 01889nam a22003137a 4500
005 - DATE AND TIME OF LATEST TRANSACTION
control field 20081127112012.0
008 - FIXED-LENGTH DATA ELEMENTS--GENERAL INFORMATION
fixed length control field 081127t xxu||||| |||| 00| 0 hin d
010 ## - LCCN (DPL NO)
LC control number HIN-85264
020 ## - INTERNATIONAL STANDARD BOOK NUMBER
International Standard Book Number 8120004167
Terms of availability 160.00
035 ## - SYSTEM CONTROL NUMBER
System control number HN-57610
037 ## - SOURCE OF ACQUISITION
Source of stock number/acquisition DBAD/PUB
040 ## - CATALOGING SOURCE
Original cataloging agency DPL
Language of cataloging HN
082 ## - DEWEY DECIMAL CLASSIFICATION NUMBER
Classification number 796.060954
100 ## - MAIN ENTRY--PERSONAL NAME
Personal name पाण्डेय, लक्ष्मीकान्त
245 ## - TITLE STATEMENT
Title शारीरिक शिक्षा संगठन-प्रशासन :
Statement of responsibility, etc लक्ष्मीकान्त पाण्डेय
Remainder of title (संशोधित एंव परिवर्तित संस्करण) /
246 ## - VARYING FORM OF TITLE
Title proper/short title Shaaririka shikshaa sangathana-prashaasana=Organisation and administration of physical education
Remainder of title by Laxmikant Pandey
250 ## - EDITION STATEMENT
Edition statement 4था संशो. एंव परि.संस्क.
260 ## - PUBLICATION, DISTRIBUTION, ETC. (IMPRINT)
Place of publication, distribution, etc नई दिल्ली
Name of publisher, distributor, etc मेट्रोलिटन बुक कम्पनी प्रा. लि.
Date of publication, distribution, etc 2008
270 ## - ADDRESS
Address 1, नेताजी सुभाष मार्ग
City नई दिल्ली
Postal code 110 002
300 ## - PHYSICAL DESCRIPTION
Extent 238पृ.
Dimensions 21सेमी(सजिल्द)
650 ## - SUBJECT ADDED ENTRY--TOPICAL TERM
Topical term or geographic name as entry element खेल-कूद प्रशासन
Geographic subdivision भारत
650 ## - SUBJECT ADDED ENTRY--TOPICAL TERM
Topical term or geographic name as entry element Sports adaministration
Geographic subdivision India
650 ## - SUBJECT ADDED ENTRY--TOPICAL TERM
Topical term or geographic name as entry element विद्यालय खेल-कूद
General subdivision प्रबंधन
Geographic subdivision भारत
650 ## - SUBJECT ADDED ENTRY--TOPICAL TERM
Topical term or geographic name as entry element School sports
General subdivision Management
Geographic subdivision India
650 ## - SUBJECT ADDED ENTRY--TOPICAL TERM
Topical term or geographic name as entry element शारीरिक शिक्षा एवं प्रशिक्षण
General subdivision प्रबंधन
Geographic subdivision भारत
650 ## - SUBJECT ADDED ENTRY--TOPICAL TERM
Topical term or geographic name as entry element Physical education and training
General subdivision Management
Geographic subdivision India
942 ## - ADDED ENTRY ELEMENTS (KOHA)
Source of classification or shelving scheme Dewey Decimal Classification
Item type Hindi Books
Classification part 796.060954
Call number suffix पाण्डेय
Holdings
Withdrawn status Lost status Source of classification or shelving scheme Damaged status Not for loan Collection code Home library Current library Date acquired Source of acquisition Cost, normal purchase price Total Checkouts Full call number Barcode Date last seen Copy number Cost, replacement price Koha item type
    Dewey Decimal Classification   Not For Loan Non-fiction D.B.Act.Division D.B.Act.Division 16/12/2008 DBAD / PUB 160.00   796.060954 पाण्डेय HN-57610 27/11/2008 1 160.00 Hindi Books

© Delhi Public Library
Hit Counter
free hit counter